| 000 | 00430nam a2200157 i 4500 | ||
|---|---|---|---|
| 001 | 111088 | ||
| 003 | ES-MaACL | ||
| 005 | 20230906185234.0 | ||
| 007 | t| | ||
| 008 | 061121s1931 it r ||||1| ita d | ||
| 100 | 1 |
_aOjetti, Ugo. _986620 |
|
| 245 | 1 | 0 |
_aCose viste / _cUgo Ojetti (Tantalo, seud.). |
| 260 |
_aMilano : _bFratelli Treves, _c1931. |
||
| 300 |
_a6 v. ; _c19 cm. |
||
| 852 |
_aES-MaACL _jA-2703-08 _q.- Falta vol. III |
||
| 999 |
_c111088 _d111088 |
||